<?xml version="1.0" encoding="UTF-8"?>
<marc:record xmlns:marc="http://www.loc.gov/MARC21/slim">
   <marc:leader>00000nam a2200000 a 4500</marc:leader>
   <marc:datafield ind1="1" ind2=" " tag="100">
      <marc:subfield code="a">Swann, Leonie</marc:subfield>
      <marc:subfield code="4">aut</marc:subfield>
      <marc:subfield code="e">Verfasser/-in</marc:subfield>
   </marc:datafield>
   <marc:datafield ind1="0" ind2="0" tag="245">
      <marc:subfield code="a">Mord in Sunset Hall</marc:subfield>
   </marc:datafield>
   <marc:datafield ind1="0" ind2="0" tag="245">
      <marc:subfield code="b">Kriminalroman</marc:subfield>
   </marc:datafield>
   <marc:datafield ind1=" " ind2="1" tag="264">
      <marc:subfield code="b">Goldmann</marc:subfield>
      <marc:subfield code="c">2020</marc:subfield>
   </marc:datafield>
   <marc:datafield ind1="1" ind2=" " tag="520">
      <marc:subfield code="a">Eigentlich hat Agnes Sharp mit der Hüfte, dem Treppenlift und den Bewohnern ihrer umtriebigen Senioren-WG genug zu tun. Und dann ist da auch noch die Tote im Schuppen. Und die Tote im Nachbarsgarten. Ganz klar: das englische Idyll trügt, und ein perfider Mörder hat es auf alte Damen abgesehen! Kurzentschlossen machen sich die streitbaren Senioren samt Schildkröte auf Mörderjagd - eine Suche, die sie nicht nur auf das trügerische Parkett des örtlichen Kaffeetreffs führt, sondern auch in den dubiosen Lindenhof und schließlich tief in die eigene Vergangenheit. Denn auch Agnes und ihre Mitbewohner haben das eine oder andere Geheimnis zu hüten à</marc:subfield>
   </marc:datafield>
   <marc:datafield ind1="3" ind2=" " tag="024">
      <marc:subfield code="a">9783442315567</marc:subfield>
   </marc:datafield>
</marc:record>
